000 00287nam a22001337a 4500
008 170531b xxu||||| |||| 00| 0 eng d
020 _a9780394402291
041 _aeng
080 _a93
100 _a17
101 _aSHH
245 _aTHE DISCOVERERS
_cBOORSTIN, D.J
942 _2udc
_cBK
999 _c15178
_d15178